Vplyv spotrebiteľských recenzií na proces nákupného rozhodovania spotrebiteľa diplomová práca

Saved in:
Bibliographic Details
Main Author: Valach, Samuel
Corporate Author: Obchodná fakulta EU. Katedra marketingu
Other Authors: Žák, Štefan, 1971-
Format: Book
Language:Slovak
Published: Bratislava 2024
Tags: Add Tag
No Tags, Be the first to tag this record!

MARC

LEADER 00000nbm a2200000 4500
001 0302269
005 20241206153511.8
041 0 |a slo 
044 |a SK 
245 1 0 |a Vplyv spotrebiteľských recenzií na proces nákupného rozhodovania spotrebiteľa  |b diplomová práca  |c Samuel Valach ; školiteľ: Štefan Žák 
264 1 |a Bratislava  |c 2024 
300 |a 57 s. 
100 1 |a Valach, Samuel 
700 1 |a Žák, Štefan, 1971- 
710 2 |a Obchodná fakulta EU. Katedra marketingu